000 00720nam a2200253Ia 4500
001 1900
005 20240113233520.0
007 ta
008 050217s2000 a g b000 u hin u
020 _cHB
040 _aCotton College,Assam
041 _ahin
082 _a891.4303
_bKu 96 Hi
100 _aKumar, Broj Bihari .
245 0 _aHindi Garo Dictionary /
_cBroj Bihari Kumar, Bahi Momin and Suresh Prashad Sinha.
_hTextual Documents
250 _a1st ed /
260 _aKohima :
_bNagaland Bhasha parishad ,
_c2000.
300 _a160p. :
_bill ;
_c22cm .
653 _aDictionaries-Hindi Garo
653 _aReference-Dictionaries
942 _2ddc
_cBK
999 _c1893
_d1893